| 000 | 01349cam a22003254a 4500 | ||
|---|---|---|---|
| 001 | 14783355 | ||
| 005 | 20250129195920.0 | ||
| 008 | 070322s2008 nyua b 001 0 eng | ||
| 020 | _a9780071599917 (single ed.) | ||
| 020 | _a0071599916 (single ed.) | ||
| 020 | _a9780071476928 (v. 1) | ||
| 020 | _a007147692X (v. 1) | ||
| 020 | _a9780071466332 (hardcover : v. 2 : alk. paper) | ||
| 020 | _a0071466339 (hardcover : v. 2 : alk. paper) | ||
| 020 | _a9780071476911 (hardcover : set : v. 2 : alk. paper) | ||
| 020 | _a0071476911 (hardcover : set : v. 2 : alk. paper) | ||
| 050 | 0 | 0 |
_aRC46 _b.H333 2008 |
| 082 | 0 | 0 |
_a616 _222 |
| 245 | 0 | 0 |
_aHarrison's principles of internal medicine / _beditors, Anthony S. Fauci ... [et al.]. |
| 250 | _a17th ed. | ||
| 260 |
_aNew York : _bMcGraw-Hill Medical, _cc2008. |
||
| 300 |
_av. <1-2 > : _bill. (some col.) ; _c29 cm. + _e1 DVD (4 3/4 in.) |
||
| 650 | 0 | _aInternal medicine. | |
| 650 | 1 | 2 | _aInternal Medicine. |
| 700 | 1 |
_aFauci, Anthony S., _d1940- |
|
| 856 | 4 | 1 |
_3Table of contents only _uhttp://www.loc.gov/catdir/toc/ecip0714/2007012181.html |
| 856 | 4 | 2 |
_3Contributor biographical information _uhttp://www.loc.gov/catdir/enhancements/fy0745/2007012181-b.html |
| 856 | 4 | 2 |
_3Publisher description _uhttp://www.loc.gov/catdir/enhancements/fy0745/2007012181-d.html |
| 942 |
_2lcc _cBK _e17th ed. _n0 |
||
| 999 |
_c3238 _d3238 |
||